<The> Impact of Public Research Funding on Scientific Production – the Case Study of Individuals in Slovakia

Prehľad financovania výskumných projektov na Slovensku v obodbí 2007-2015. Grantové agentúry APVV, VEGA a Výskumná agentúra. Regresná analýza výstupov výskumu jednotlivcov pracujúcich na Národohospodárskej fakulte Ekonomickej univerzity v Bratislave.

Salvato in:
Dettagli Bibliografici
Autore principale: Lešková, Alexandra, 1990-
Altri autori: Šipikal, Miroslav, 1976-
Natura: Capitolo di libro
Lingua:inglese
Soggetti:
Tags: Aggiungi Tag
Nessun Tag, puoi essere il primo ad aggiungerne!!

MARC

LEADER 00000naa$a2200000$$$4500
001 0250307
005 20240502074017.9
041 0 |a eng 
044 |a SK 
245 1 0 |a <The> Impact of Public Research Funding on Scientific Production – the Case Study of Individuals in Slovakia  |c Alexandra Lešková, Miroslav Šipikal 
520 |a Prehľad financovania výskumných projektov na Slovensku v obodbí 2007-2015. Grantové agentúry APVV, VEGA a Výskumná agentúra. Regresná analýza výstupov výskumu jednotlivcov pracujúcich na Národohospodárskej fakulte Ekonomickej univerzity v Bratislave. 
610 2 0 |a univerzity 
610 2 0 |a financovanie vývoja 
610 2 0 |a financovanie výskumu 
610 2 0 |a hodnotenie výskumu 
610 2 0 |a výskum 
610 2 0 |a efektívnosť výskumu 
610 2 0 |a financie verejné 
610 2 0 |a agentúry 
610 2 0 |a politika kohézna 
610 2 0 |a štúdie prípadové 
610 2 0 |a Slovensko 
610 2 0 |a bibliometria 
100 1 |a Lešková, Alexandra, 1990- 
700 1 |a Šipikal, Miroslav, 1976-